000 00661nam a2200217 4500
001 137905
003 ES-MaACL
005 20250807062548.0
007 t|
008 070214s1955 sp r ||||1| spa d
100 1 _aSánchez Cuenca, Baldomero.
_9102562
245 1 3 _aEl médico y la medicina de ayer y de hoy
_b: ensayos /
_cBaldomero Sánchez Cuenca.
260 _aMadrid :
_bAguilar,
_c1955.
300 _a213 p. ;
_c21 cm.
490 1 _aColección literaria
650 0 0 _aMédicos-
_xMoral profesional.
_914942
650 0 7 _aMedicina
_2embne
_914891
830 1 _aColección literaria
_9179831
852 _aES-MaACL
_jC-10448
999 _c137905
_d137905